[Event "Challenge"]
[Site "http://www.queenalice.com/game.php?id=1087988"]
[Date "2012.7.28"]
[Round "-"]
[White "plot24"]
[Black "mhackfeld"]
[Result "0-1"]
[WhiteElo "1702"]
[BlackElo "1694"]

1. d4 d5 2. c4 Nf6 3. Nf3 e6 4. Nc3 Bb4 5. Bd2 O-O 6. e3 Bd7 7. Bd3 Nc6 8. O-O
Bd6 9. a4 a5 10. Qe1 Nb4 11. Qe2 b6 12. Na2 c5 13. cxd5 exd5 14. Nxb4 axb4 15.
b3 Re8 16. Rfe1 Re6 17. Bf5 Re7 18. Bxd7 Qxd7 19. h3 Ne4 20. dxc5 bxc5 21. Qd3
g6 22. Kf1 Qe6 23. Rad1 c4 24. bxc4 dxc4 0-1

[Event "Challenge"]
[Site "http://www.queenalice.com/game.php?id=1093228"]
[Date "2012.8.14"]
[Round "-"]
[White "markoa"]
[Black "mhackfeld"]
[Result "0-1"]
[WhiteElo "1732"]
[BlackElo "1710"]

1. d4 d5 2. c4 Nf6 3. Nc3 e6 4. cxd5 Nxd5 5. Ne4 Bb4+ 6. Bd2 Be7 7. Nf3 O-O 8.
a3 Nc6 9. Rc1 Bd6 10. Qc2 Bd7 11. e3 Nce7 12. Bd3 Nf5 13. O-O Nh4 14. Nxh4 Qxh4
15. Ng3 Bc6 16. Ne4 Qxh2# 0-1

[Event "AUTO-OPEN-2850"]
[Site "http://www.queenalice.com/game.php?id=1125524"]
[Date "2012.11.24"]
[Round "1"]
[White "shmurtz91"]
[Black "mhackfeld"]
[Result "1-0"]
[WhiteElo "2031"]
[BlackElo "1713"]

1. c4 e5 2. Nc3 Bc5 3. e3 Bb4 4. Nd5 Nf6 5. Nxb4 O-O 6. Bd3 d6 7. Ne2 Be6 8. Ng3
Nc6 9. Nc2 Ne7 10. O-O c5 11. Ne1 d5 12. cxd5 Bxd5 13. e4 Bc6 14. Bc2 Ng6 15.
Nf3 Re8 16. d3 b5 17. Bb3 Bd7 18. Be3 Be6 19. Bxc5 Nf4 20. Nxe5 a6 21. d4 Rc8
22. Qf3 Ng6 23. Nd3 Nd7 24. Bd6 Bxb3 25. axb3 a5 26. e5 Ndf8 27. Nf5 Ne6 28.
Rxa5 Qxa5 29. Qg4 Qd2 30. Rd1 Qg5 31. Qe4 Nef4 32. g3 Ne6 33. h4 Qd8 34. h5 Ngf8
35. Nc5 Nxc5 36. Bxc5 Nd7 37. Nxg7 Kxg7 38. h6+ Kxh6 39. Bd6 Kg7 40. Kg2 Nf8 41.
Rh1 Ng6 42. f4 Rc2+ 43. Qxc2 Qb6 44. f5 Qxd4 45. fxg6 fxg6 46. Qc7+ Kg8 47.
Qxh7# 1-0

[Event "AUTO-OPEN-2850"]
[Site "http://www.queenalice.com/game.php?id=1125525"]
[Date "2012.11.24"]
[Round "1"]
[White "mhackfeld"]
[Black "shmurtz91"]
[Result "0-1"]
[WhiteElo "1723"]
[BlackElo "2049"]

1. e4 e5 2. Nf3 Bc5 3. d4 exd4 4. Bd3 Nc6 5. O-O Nge7 6. Bf4 Ng6 7. Bg5 f6 8.
Bd2 Nce5 9. a3 d5 10. Bb4 Bb6 11. Nbd2 c5 12. Nb3 cxb4 13. axb4 O-O 14. Nxe5
fxe5 15. Re1 Qf6 16. f3 Nf4 17. Bb5 Qg5 18. g4 Qh4 19. Bf1 dxe4 20. Rxe4 h5 21.
Qd2 hxg4 22. fxg4 Bxg4 23. Rxe5 d3+ 24. Nc5 Ne2+ 25. Bxe2 Rf2 26. Nxd3 Qxh2# 0-1

[Event "AUTO-OPEN-2850"]
[Site "http://www.queenalice.com/game.php?id=1125548"]
[Date "2012.11.24"]
[Round "1"]
[White "Kavkaz95"]
[Black "mhackfeld"]
[Result "1-0"]
[WhiteElo "2025"]
[BlackElo "1717"]

1. e4 e5 2. Nf3 d6 3. d4 Nc6 4. dxe5 Be7 5. Bf4 Nh6 6. exd6 Bxd6 7. e5 Bc5 8.
Qxd8+ Nxd8 9. Nc3 O-O 10. Bxh6 gxh6 11. Ne4 Bf5 12. Nf6+ Kg7 13. a3 Ne6 14.
O-O-O Kh8 15. Nh4 Bg6 16. Bc4 Nf4 17. Nd7 Rfe8 18. Nxc5 Rxe5 19. Nxg6+ hxg6 20.
Nd3 Ne2+ 21. Kb1 Re4 22. Bxf7 Kg7 23. Bd5 Re7 24. Rhe1 Rae8 25. Bf3 Nd4 26. Bxb7
Ne2 27. Bc6 1-0

[Event "AUTO-OPEN-2850"]
[Site "http://www.queenalice.com/game.php?id=1125549"]
[Date "2012.11.24"]
[Round "1"]
[White "mhackfeld"]
[Black "Kavkaz95"]
[Result "0-1"]
[WhiteElo "1720"]
[BlackElo "2043"]

1. e4 e5 2. Nf3 Nc6 3. Be2 Nf6 4. d3 Bc5 5. O-O h6 6. Be3 Bxe3 7. fxe3 d5 8. Nc3
dxe4 9. dxe4 O-O 10. Qe1 Ng4 11. Nd2 Nxe3 12. Bd3 Nxf1 13. Qxf1 Qd4+ 14. Kh1 f5
15. Qe2 Nb4 16. a3 Nxd3 17. cxd3 fxe4 18. dxe4 Rf2 19. Qc4+ Qxc4 20. Nxc4 Be6
21. Nxe5 Raf8 22. h3 Rxb2 23. Na4 Re2 24. Nc3 Rc2 0-1

[Event "AUTO-ADV-2808"]
[Site "http://www.queenalice.com/game.php?id=1167905"]
[Date "2013.4.3"]
[Round "1"]
[White "grautvornix"]
[Black "mhackfeld"]
[Result "1-0"]
[WhiteElo "1854"]
[BlackElo "1627"]

1. Nc3 e5 2. Nf3 d6 3. d4 Nc6 4. d5 Nb8 5. e4 Be7 6. Bb5+ Bd7 7. Qe2 Nf6 8. O-O
O-O 9. Bd3 Nc6 10. dxc6 Bxc6 11. Re1 Bd7 12. Bg5 Ng4 13. Bxe7 Qxe7 14. Nd5 Qd8
15. Qd2 a6 16. c4 c6 17. Nc3 Qf6 18. Qg5 h6 19. Qxf6 Nxf6 20. b4 b5 21. cxb5
axb5 22. a4 Be6 23. axb5 cxb5 24. Nxb5 Bd7 25. Nxd6 Ng4 26. Rxa8 Rxa8 27. h3 f6
28. hxg4 Bxg4 29. b5 Ra3 30. Bc4+ Kh7 31. b6 Bc8 32. Nxc8 Rc3 33. b7 Rxc4 34.
b8=Q 1-0

[Event "AUTO-ADV-2808"]
[Site "http://www.queenalice.com/game.php?id=1167906"]
[Date "2013.4.3"]
[Round "1"]
[White "mhackfeld"]
[Black "grautvornix"]
[Result "0-1"]
[WhiteElo "1635"]
[BlackElo "1835"]

1. g3 d5 2. Bg2 b6 3. Nf3 Bb7 4. O-O g6 5. d4 Bg7 6. c3 Nf6 7. Bg5 O-O 8. Nbd2
c5 9. Ne5 Nh5 10. Ndf3 Qc7 11. Bh3 Nf6 12. Ng4 Nh5 13. Ne3 h6 14. Bxe7 Qxe7 15.
Qd2 c4 16. Ng2 Bc8 17. Nf4 Nxf4 18. Qxf4 Bxh3 19. Rfe1 Nc6 20. e3 Bf5 21. Nh4 g5
22. Qxf5 gxh4 23. Qg4 hxg3 24. hxg3 f5 25. Qg6 Rf6 26. Qh5 Qf7 27. Qxf7+ Rxf7
28. Kg2 Re8 29. Re2 Ne7 30. f3 Ng6 31. f4 Rfe7 32. Rae1 Nf8 33. Kf3 Nh7 34. Rh2
Nf6 35. b4 b5 36. a3 Ng4 37. Rhe2 Nf6 38. Kf2 Ne4+ 39. Kf3 Re6 40. Kg2 Nxc3 41.
Rc2 Rxe3 42. Rxe3 Rxe3 43. Kf2 Bxd4 44. Kg2 Re2+ 45. Rxe2 Nxe2 46. Kf3 Nxg3 47.
Kxg3 Kf7 48. Kf3 Bb2 49. Kf2 Bxa3 50. Ke3 Bxb4 51. Kd4 c3 52. Kd3 h5 0-1

[Event "AUTO-ADV-2808"]
[Site "http://www.queenalice.com/game.php?id=1167917"]
[Date "2013.4.3"]
[Round "1"]
[White "Spessatto"]
[Black "mhackfeld"]
[Result "1-0"]
[WhiteElo "1819"]
[BlackElo "1644"]

1. d4 d5 2. h3 e6 3. Nf3 Bd6 4. Bg5 Be7 5. Bf4 Nf6 6. Nbd2 O-O 7. Bh2 Bd6 8. Ne5
Bxe5 9. Bxe5 Nfd7 10. Bh2 Nc6 11. Nf3 Nf6 12. e3 Bd7 13. Ne5 Nxe5 14. dxe5 Ne4
15. Bd3 a6 16. Qg4 Nc5 17. Be2 Bb5 18. Bxb5 axb5 19. Qb4 b6 20. Qxb5 Ne4 21. O-O
Qc8 22. c3 Qb7 23. Qe2 c6 24. Qc2 Ra5 25. f3 Ng5 26. h4 Nxf3+ 27. Rxf3 Ra7 28.
a3 h6 29. Raf1 c5 30. Qe2 c4 31. Qc2 Qe7 32. a4 Rfa8 33. Rxf7 Qxf7 34. Rxf7 Rxf7
35. b3 Raf8 36. Qe2 g6 37. Bf4 Kg7 38. bxc4 Rc7 39. cxd5 exd5 40. Qb2 Rfc8 41.
Qxb6 Rxc3 42. Qf6+ Kg8 43. Bxh6 R3c7 44. Qxg6+ Kh8 45. Bg5 Rg7 46. Qh6+ Kg8 47.
Qe6+ Kh7 48. Qxc8 Rg8 49. Qf5+ Kh8 50. Qf7 Rg7 51. Bf6 Kh7 52. Qxg7# 1-0

[Event "AUTO-ADV-2808"]
[Site "http://www.queenalice.com/game.php?id=1167918"]
[Date "2013.4.3"]
[Round "1"]
[White "mhackfeld"]
[Black "Spessatto"]
[Result "0-1"]
[WhiteElo "1670"]
[BlackElo "1906"]

1. g3 d5 2. Bg2 Bf5 3. Nf3 h6 4. O-O e6 5. d4 Bb4 6. Bd2 Bxd2 7. Nbxd2 Nf6 8.
Ne5 Nbd7 9. e3 O-O 10. Ndf3 Nxe5 11. dxe5 Nh7 12. Re1 Ng5 13. Nd2 f6 14. Bf1
fxe5 15. c3 e4 16. Be2 Bh3 17. Bg4 Nf3+ 18. Bxf3 exf3 19. Nxf3 Bg4 20. Kg2 Bxf3+
21. Qxf3 Rxf3 22. Kxf3 c5 23. Kg2 c4 24. f4 b5 25. Re2 a5 26. Rae1 b4 27. Kf3
Rb8 28. Rd2 bxc3 29. bxc3 a4 30. h4 Rb6 31. Red1 Qb8 32. Ke2 Rb1 33. Rxb1 Qxb1
0-1

[Event "AUTO-ADV-2808"]
[Site "http://www.queenalice.com/game.php?id=1167925"]
[Date "2013.4.3"]
[Round "1"]
[White "mhackfeld"]
[Black "ipontelo"]
[Result "0-1"]
[WhiteElo "1735"]
[BlackElo "1715"]

1. g3 e5 2. Bg2 d5 3. Nf3 Nc6 4. O-O Bf5 5. Nc3 e4 6. Ne1 Nf6 7. Nb5 Qd7 8. d4
a6 9. Nc3 Bh3 10. Bxh3 Qxh3 11. Ng2 Ng4 12. Re1 Qxh2+ 13. Kf1 Qh1# 0-1

[Event "AUTO-ADV-2808"]
[Site "http://www.queenalice.com/game.php?id=1167926"]
[Date "2013.4.3"]
[Round "1"]
[White "ipontelo"]
[Black "mhackfeld"]
[Result "1-0"]
[WhiteElo "1761"]
[BlackElo "1718"]

1. e4 e5 2. Nf3 Nc6 3. Bc4 Nh6 4. d3 Bd6 5. Bg5 Be7 6. Bxe7 Qxe7 7. O-O O-O 8.
Nc3 d6 9. Nd5 Qe8 10. Nxc7 Qe7 11. Nxa8 Bg4 12. b4 a6 13. Nb6 Be6 14. Nd5 Qd7
15. b5 Nd4 16. bxa6 bxa6 17. Bxa6 Ng4 18. c3 Nxf3+ 19. gxf3 Nf6 20. Nxf6+ gxf6
21. Kh1 Kh8 22. Rg1 Rg8 23. Re1 Bh3 24. Rg1 1-0

[Event "Challenge"]
[Site "http://www.queenalice.com/game.php?id=1168077"]
[Date "2013.4.4"]
[Round "-"]
[White "thigo"]
[Black "mhackfeld"]
[Result "1-0"]
[WhiteElo "1620"]
[BlackElo "1704"]

1. d4 d5 2. Bf4 e6 3. Nc3 Bd6 4. Bxd6 Qxd6 5. Qd3 Nf6 6. Nb5 Qc6 7. Nf3 O-O 8.
Ne5 Qb6 9. a4 Nbd7 10. a5 Qa6 11. e3 Ne4 12. f3 Nd6 13. Nxc7 Qxd3 14. Bxd3 Nxe5
15. dxe5 Rb8 16. exd6 Bd7 17. b3 Rbc8 18. b4 a6 19. b5 axb5 20. Bxb5 Bxb5 21.
Nxb5 Rfd8 22. a6 bxa6 23. Rxa6 Rc5 24. Na3 Rc3 25. Nb5 Rxc2 26. Rf1 Rc1+ 27. Kf2
Rc2+ 28. Kg1 Rc5 29. Nd4 Rd7 30. Ra8+ 1-0

[Event "Challenge"]
[Site "http://www.queenalice.com/game.php?id=1168078"]
[Date "2013.4.4"]
[Round "-"]
[White "mhackfeld"]
[Black "thigo"]
[Result "0-1"]
[WhiteElo "1685"]
[BlackElo "1717"]

1. g3 e5 2. Bg2 Nc6 3. Nf3 d5 4. O-O Bf5 5. d3 Qf6 6. Bg5 Qe6 7. Nc3 h6 8. Nb5
hxg5 9. Nxg5 Qd7 10. e4 Bg6 11. Re1 O-O-O 12. Qd2 a6 13. Nc3 dxe4 14. Qe3 exd3
15. cxd3 Nd4 16. Nce4 Nc2 17. Qc1 Qxd3 18. Bf1 Qd4 19. Qxc2 Bc5 20. Nf3 Bxe4 21.
Qe2 Nf6 22. Rad1 Qb4 23. Rxd8+ Rxd8 24. Rd1 Bxf3 25. Qxf3 Rxd1 26. Qf5+ Kb8 27.
Kg2 Qe1 28. Bc4 Ne4 29. Qxf7 Qg1+ 30. Kh3 Ng5+ 0-1

[Event "AUTO-OPEN-2958"]
[Site "http://www.queenalice.com/game.php?id=1168203"]
[Date "2013.4.4"]
[Round "1"]
[White "Lopesq"]
[Black "mhackfeld"]
[Result "1-0"]
[WhiteElo "1661"]
[BlackElo "1636"]

1. Nf3 d6 2. d4 Nc6 3. c3 Nf6 4. Bf4 g6 5. Nbd2 Bg7 6. e4 O-O 7. Bd3 Bg4 8. h3
Bxf3 9. Nxf3 Nh5 10. Be3 e5 11. d5 Na5 12. b3 c5 13. Rb1 b6 14. O-O Nf4 15. Bxf4
exf4 16. c4 Nb7 17. a4 a5 18. Qc2 Qf6 19. Rbe1 Nd8 20. e5 dxe5 21. Nxe5 Nb7 22.
Ng4 Qg5 23. Be4 Nd6 24. Bf3 Rae8 25. Rxe8 Rxe8 26. Qd3 Bd4 27. Qc2 f5 28. Nh2
Nf7 29. d6 Nxd6 30. Bd5+ Kg7 31. Nf3 Qf6 32. Qd1 Ne4 33. Qc2 Kf8 34. Bxe4 fxe4
35. Nh2 e3 36. fxe3 Bxe3+ 37. Kh1 Qg5 38. Nf3 Qf5 39. Qxf5+ Kg7 40. Qd7+ Kf8 41.
Qd6+ Kf7 42. Qc7+ Kf8 43. Qd6+ Kf7 44. Qxb6 1-0

[Event "AUTO-OPEN-2958"]
[Site "http://www.queenalice.com/game.php?id=1168204"]
[Date "2013.4.4"]
[Round "1"]
[White "mhackfeld"]
[Black "Lopesq"]
[Result "0-1"]
[WhiteElo "1663"]
[BlackElo "1648"]

1. g3 d5 2. Bg2 c6 3. Nf3 Bg4 4. O-O Nf6 5. Nc3 Nbd7 6. d4 e6 7. Bf4 Be7 8. Ne5
Nb6 9. Bf3 Bh3 10. Bg2 Bxg2 11. Kxg2 h5 12. h4 Nc4 13. Rb1 Nd6 14. e3 Nf5 15.
Na4 Ne4 16. Nc5 Bxh4 17. gxh4 Nxc5 18. dxc5 Nxh4+ 19. Kh2 g5 20. Bg3 Nf5 21. Qf3
g4 22. Qf4 h4 23. Kg2 hxg3 24. fxg3 Rh3 25. Qg5 Qxg5 26. Rh1 Rxg3+ 27. Kf1 Nxe3+
28. Ke2 Qxe5 29. Rh7 Nxc2+ 30. Kd2 Rg2+ 0-1

[Event "AUTO-OPEN-2958"]
[Site "http://www.queenalice.com/game.php?id=1168231"]
[Date "2013.4.4"]
[Round "1"]
[White "CruzVictor"]
[Black "mhackfeld"]
[Result "1-0"]
[WhiteElo "1571"]
[BlackElo "1646"]

1. e4 e5 2. Nf3 Nc6 3. Bb5 Bd6 4. c3 Nf6 5. O-O O-O 6. Re1 Bc5 7. Bxc6 bxc6 8.
d4 Bd6 9. dxe5 Bc5 10. exf6 Qxf6 11. Bg5 Qe6 12. Bf4 d6 13. e5 Qc4 14. g3 Bb6
15. exd6 Bf5 16. d7 Bxd7 17. Qxd7 Rad8 18. Qe7 Qd3 19. Ng5 h6 20. Bxc7 Bxc7 21.
Na3 Qf5 22. Ne4 Qd5 23. Qxc7 Rfe8 24. Rad1 Qxd1 25. Rxd1 Rxd1+ 26. Kg2 Rxe4 27.
Qc8+ Kh7 28. Qf5+ Kg8 29. Qxe4 Rd2 30. Nc4 Rd7 31. Qe8+ Kh7 32. Qxd7 1-0

[Event "AUTO-OPEN-2958"]
[Site "http://www.queenalice.com/game.php?id=1168232"]
[Date "2013.4.4"]
[Round "1"]
[White "mhackfeld"]
[Black "CruzVictor"]
[Result "1-0"]
[WhiteElo "1620"]
[BlackElo "1629"]

1. g3 e5 2. Bg2 Nf6 3. Nf3 Nc6 4. O-O d5 5. d3 Bc5 6. Be3 Bxe3 7. fxe3 O-O 8.
Nc3 e4 9. Ng5 Bg4 10. h3 Bh5 11. d4 h6 12. Nxf7 Bxf7 13. Qe1 Be6 14. g4 Nh7 15.
Rf4 g5 16. Rxf8+ Nxf8 17. Qf2 Ng6 18. Bh1 Qe7 19. Rf1 Rf8 20. Qg3 Nh4 21. Rxf8+
Qxf8 22. Bg2 Nb4 23. Qxc7 Nxc2 24. Qxb7 Nxe3 25. Bxe4 Qf1+ 26. Kh2 dxe4 27. Qxe4
Qf2+ 28. Kh1 Nf1 29. Qxe6+ Kh7 30. Qe4+ Kg7 31. Qe5+ Kf7 32. Qd5+ Ke7 33. Qe4+
Kd7 34. Qb7+ Ke6 35. d5+ Ke5 36. Qe7+ Kd4 37. Qxa7+ 1-0